Mixed Word Safe Cracker II Quiz Stats

Quiz Updated Jan 4, 2017

Challenge
Share
Tweet
Embed
Score 0/58 Timer 03:00
0 Plays Today
Scramble Word % Correct
????
100%
????
90.3%
????
90.1%
????
90%
????
89.9%
????
89.9%
????
87.7%
????
83.9%
????
83.8%
????
83.7%
????
83.7%
????
83.6%
????
83.2%
????
82.3%
????
82%
????
82%
????
81.7%
????
80.9%
????
80.8%
????
79.1%
????
78.1%
????
77.9%
????
77.3%
????
77.2%
????
77%
????
76.9%
????
76.8%
????
76.3%
????
76.2%
Scramble Word % Correct
????
73.2%
????
73.1%
????
72.9%
????
72.5%
????
72.2%
????
71.9%
????
71.6%
????
71.3%
????
70.5%
????
70%
????
69.3%
????
68.9%
????
68%
????
54.4%
????
51.8%
????
50.1%
????
49.2%
????
46.6%
????
46%
????
40.9%
????
35.1%
????
34.6%
????
30.7%
????
29.9%
????
29.3%
????
21%
????
20.6%
????
18%
????
17.2%

You're not logged in!

Compare scores with friends on all Sporcle quizzes.
Sign Up with Email
OR
Log In

You Might Also Like...

Show Comments

Extras

Top Quizzes Today


Score Distribution

Your Account Isn't Verified!

In order to create a playlist on Sporcle, you need to verify the email address you used during registration. Go to your Sporcle Settings to finish the process.